000 00712nam a22002297a 4500
005 20251108173514.0
008 250721s2007 xx 000 0 ara d
020 _a9957002988
082 1 4 _a362.11/ جلد
100 1 _aجلدة، سليم بطرس
245 1 0 _aإدارة المستشفيات و المراكز الصحية /
246 1 1 _aManaging Hospitals & Health Centers
264 1 _aعمان :
_bدار الشروق،
_c2007.
300 _a247ص.
650 1 7 _aإدارة المستشفيات
650 1 7 _aالخدمات الصحية
650 1 7 _aالمراكز الصحية
650 1 7 _aالرعاية الصحية
650 1 7 _aالأردن
942 _2ddc
_cBK
999 _c105522
_d105522